[Event "Sachsen-Anhalt-ch op"]
[Site "Magdeburg"]
[Date "2021.10.30"]
[Round "5"]
[White "Rieke, Arvid"]
[Black "Kuhlmann, Nils Magnus"]
[Result "0-1"]
[WhiteElo "1158"]
[BlackElo "1365"]
[PlyCount "146"]
[EventDate "2021.10.28"]
[EventType "swiss"]
[EventRounds "7"]
[EventCountry "GER"]
[SourceTitle "CBM 205 Extra"]
[Source "ChessBase"]
[SourceDate "2022.01.31"]
[SourceVersion "1"]
[SourceVersionDate "2022.01.31"]
[SourceQuality "1"]

1. e4 c5 2. Nf3 d6 3. Bc4 Nf6 4. d3 Nc6 5. h3 Na5 6. Bb3 g6 7. Nc3 Bg7 8. Be3 Bd7 9. Qd2 Qc7 10. 0-0 0-0 11. Bh6 Bc6 12. Bxg7 Kxg7 13. Qg5 Nxb3 14. axb3 a6 15. e5 Bxf3 16. exf6+ exf6 17. Qg3 Bc6 18. h4 Qd7 19. h5 d5 20. Rfe1 Rfe8 21. Qh4 Rxe1+ 22. Rxe1 g5 23. Qg3 Re8 24. Rxe8 Qxe8 25. f4 d4 26. Ne4 Bxe4 27. dxe4 Qxe4 28. fxg5 Qe5 29. gxf6+ Kxf6 30. Qh4+ Qg5 31. Qf2+ Kg7 32. Qf3 Qc1+ 33. Kh2 Qg5 34. Kg1 Qc1+ 35. Kh2 Qxc2 36. Qxb7 Qf5 37. h6+ Kxh6 38. Qxa6+ Kg7 39. Qc4 Qe5+ 40. Kg1 h5 41. b4 Qe1+ 42. Kh2 Qxb4 43. Qxb4 cxb4 44. Kg1 Kf6 45. Kf2 Ke5 46. Ke2 Ke4 47. b3 f5 48. g3 f4 49. gxf4 Kxf4 50. Kd3 Ke5 51. Kc4 h4 52. Kxb4 h3 53. Kc5 h2 54. b4 h1Q 55. b5 Qc1+ 56. Kb6 d3 57. Kb7 d2 58. b6 Qb2 59. Kc7 Ke6 60. b7 Qxb7+ 61. Kxb7 Kd6 62. Kb6 d1R 63. Kb5 Rc1 64. Kb4 Kd5 65. Kb3 Kd4 66. Kb2 Rc8 67. Kb1 Kd3 68. Kb2 Rc7 69. Kb1 Rc2 70. Ka1 Rh2 71. Kb1 Kc3 72. Ka1 Kb3 73. Kb1 Rh1# 0-1

[Event "Sachsen-Anhalt-ch op"]
[Site "Magdeburg"]
[Date "2021.10.28"]
[Round "1"]
[White "Rieke, Arvid"]
[Black "Hoffmann, Siegfried"]
[Result "0-1"]
[WhiteElo "1158"]
[BlackElo "1582"]
[PlyCount "132"]
[EventDate "2021.10.28"]
[EventType "swiss"]
[EventRounds "7"]
[EventCountry "GER"]
[SourceTitle "CBM 205 Extra"]
[Source "ChessBase"]
[SourceDate "2022.01.31"]
[SourceVersion "1"]
[SourceVersionDate "2022.01.31"]
[SourceQuality "1"]

1. e4 e5 2. Nf3 Nc6 3. Bc4 d6 4. d3 Na5 5. Bb3 Nxb3 6. axb3 g6 7. Nc3 Bg7 8. Be3 Ne7 9. h3 0-0 10. Qd2 f5 11. Bh6 f4 12. Bxg7 Kxg7 13. d4 Nc6 14. 0-0-0 exd4 15. Nxd4 Ne5 16. Nf3 Nxf3 17. gxf3 Be6 18. Qd4+ Kg8 19. e5 dxe5 20. Qxe5 Qc8 21. Ne2 Rf5 22. Qe4 g5 23. Rhg1 Kf7 24. Nd4 h6 25. Nxf5 Bxf5 26. Qd5+ Kg6 27. h4 Qf8 28. Qxb7 Qc5 29. Qa6+ Kh7 30. Qc4 Qa5 31. Qf7+ Kh8 32. Qf6+ Kh7 33. Qe7+ Kh8 34. Rd8+ Rxd8 35. Qxd8+ Kh7 36. Kb1 Qc5 37. Qd2 Kg6 38. Qc3 Qxf2 39. h5+ Kf7 40. Qxc7+ Kf6 41. Qc3+ Kf7 42. Rd1 Qb6 43. Qc4+ Be6 44. Rd7+ Kf6 45. Qd4+ Qxd4 46. Rxd4 Bf7 47. c4 Bxh5 48. Rd3 Bg6 49. Kc2 h5 50. c5 h4 51. c6 Ke6 52. b4 h3 53. b5 h2 54. c7 Bxd3+ 55. Kxd3 Kd7 56. c8Q+ Kxc8 57. b6 axb6 58. b4 h1Q 59. b5 Qxf3+ 60. Kc4 Kc7 61. Kb4 Qd3 62. Ka4 Qb1 63. Ka3 Kd6 64. Ka4 Kc5 65. Ka3 Kc4 66. Ka4 Qb3# 0-1